000
00271nam a2200121Ia 4500
008
230303s9999 xx 000 0 und d
041
_a
eng
082
_a
621.392, BHA
100
_a
BHASKAR (J)
245
_a
A VHDL Primer
260
_a
NEW DELHI
_b
PEARSON
365
_c
RS
999
_c
190751
_d
190751